Szczegóły MARC21

Andragogika /

003 -Nazwa inst., której nr kontr. jest w polu 001 [,]
    • @
    • Nazwa instytucji, której n kontrolny jest w polu 001
    • NUKAT
005 -DATA I CZAS OSTATNIEJ MODYFIKACJI [,]
    • @
    • pole kontrolne
    • 20241231102141.0
040 -Instytucja sporządzająca opis [ , ]
    • a
    • Instytucja, która sporządziła opis (NP)
    • KIEL 010/AC
    • c
    • Instytucja, która sporządziła rekord (NP)
    • KIEL 010/AC
    • d
    • Instytucja, która zmodyfikowała rekord (P)
    • KIEL 010/AC
    • d
    • Instytucja, która zmodyfikowała rekord (P)
    • KIEL 010/HLs
    • d
    • Instytucja, która zmodyfikowała rekord (P)
    • LUBL U/WAG
942 -Rodzaj dokumentu [ , ]
    • c
    • Rodzaj dokumentu
    • Książka
100 -Hasło główne - nazwa osobowa [1, ]
    • a
    • Nazwa osobowa (NP)
    • Uziembło, Adam Olgierd
    • d
    • Daty biograficzne (NP)
    • (1906-1990).
    • 9
    • KHW
    • 99683
245 -Strefa tytułu i oznaczenia odpowiedzialności [1,0]
    • a
    • Tytuł
    • Andragogika / Find
    • c
    • Pozostałe elementy strefy tytułu i oznaczenia odpowiedzialności (NP)
    • Adam Olgierd Uziembło ; Wyższa Szkoła Marynarki Wojennej im. Bohaterów Westerplatte.
260 -Strefa adresu wydawniczego [ , ]
    • a
    • Miejsce wydania (P)
    • Gdynia :
    • b
    • Nazwa wydawcy (P)
    • WSMW,
    • c
    • Data wydania (P)
    • 1968.
300 -Strefa opisu fizycznego [ , ]
    • a
    • Określenie formy książki i/lub objętość (NP)
    • [2], 102, 29 s. ;
    • c
    • Format (NP)
    • 24 cm.
336 -Typ zawartości [ , ]
    • a
    • Termin opisujący typ zawartości
    • Tekst
    • b
    • Kod określający zawartość
    • txt
    • 2
    • Źródło (terminu i kodu)
    • rdacontent
337 -Typ mediów [ , ]
    • a
    • Tryb odtwarzania
    • Bez urządzenia pośredniczącego
    • b
    • Kod typu mediów
    • n
    • 2
    • Źródło (terminu i kodu)
    • rdamedia
338 -Typ/rodzaj nośnika [ , ]
    • a
    • Hasło opisujące typ nośnika
    • Wolumin
    • b
    • Kod typu nośnika
    • nc
    • 2
    • Źródło (terminu i kodu)
    • rdacarrier
080 -Uniwersalna Klasyfikacja Dziesiętna [ , ]
    • a
    • Symbol klasyfikacji
    • 37.013.83
    • 9
    • UKD
    • 3820
    • 2
    • Identyfikator wydania tablic
    • UDC-P058
    • b
    • Dopowiedzenie
    • Andragogika. Teoria oświaty i wychowania dorosłych. Pedagogika dorosłych.
650 -Hasło przedmiotowe [ ,7]
    • a
    • Hasło przedmiotowe
    • Edukacja dorosłych.
    • 2
    • Źródło terminu
    • kaba
    • 9
    • KHW
    • 107217
980 -Symbol UKD [ , ]
    • a
    • UKD
    • 37.013.83
710 -Hasło dodatkowe - nazwa ciała zbiorowego [2, ]
    • a
    • Nazwa ciała zbiorowego lub nazwa geograficzna jako pierwszy element (NP)
    • Wyższa Szkoła Marynarki Wojennej im. Bohaterów Westerplatte (Gdynia).
    • 4
    • Kod relacji
    • pbl
    • 9
    • KHW
    • 257898
Status udost. Numer inwentarzowy Data inwentaryzacji Lokalizacja
1Pd.66211993-12-08BG
1Pd.107321998-02-23BNS